Odpisy a zníženie dane z príjmov Zmeny daňových predpisov zväčša nie sú príjemné

Zmena zákona o daniach z príjmu zákonom č.367/1994 Z.z. Vplyv zmeny zákona na daňové priznanie za rok 1994 pre podnikateľov v oblasti obchodu a služieb. Uvedenie registračných pokladníc do prevádzky v roku 1994 a odpisy v rámci nákladov za rok 1994. Nejasnosti zákona o dani z príjmov. Odklad dane z...

Ausführliche Beschreibung

Gespeichert in:
Bibliographische Detailangaben
1. Verfasser: Brda, J.
Format: Buchkapitel
Sprache:Slowakisch
Schlagworte:
Tags: Tag hinzufügen
Keine Tags, Fügen Sie das erste Tag hinzu!

MARC

LEADER 00000naa a2200000 4500
001 r017249
005 20221213100519.4
041 0 |a slo 
044 |a SK 
245 1 0 |a Odpisy a zníženie dane z príjmov  |b Zmeny daňových predpisov zväčša nie sú príjemné  |c J. Brda 
520 |a Zmena zákona o daniach z príjmu zákonom č.367/1994 Z.z. Vplyv zmeny zákona na daňové priznanie za rok 1994 pre podnikateľov v oblasti obchodu a služieb. Uvedenie registračných pokladníc do prevádzky v roku 1994 a odpisy v rámci nákladov za rok 1994. Nejasnosti zákona o dani z príjmov. Odklad dane z príjmov. Možnosti zníženia základu dane z príjmov. 
610 2 0 |a dane z príjmov 
610 2 0 |a priznania daňové 
610 2 0 |a podnikatelia 
610 2 0 |a odpisy 
610 2 0 |a zákony 
610 2 0 |a 1994 
610 2 0 |a Slovensko 
100 1 |a Brda, J.